00441nmm a2200157Ia 4500008004100000020001800041041000800059100001800067245001500085264008000100300001600180650001200196856005100208942000700259999001700266251105s9999||||xx |||||||||||||||||und|| a9788468703329 aspa aBraun, Jackie 0aFalso amor a[Madrid, España] :bHarlequin, c[Fecha de publicación no identificada] a0 páginas aRomance uhttps://public.digitaliapublishing.com/a/96234 cCF c83858d83858